000 00284nam a2200109Ia 4500
001 589077
005 20250717120842.0
008 250717s9999 xx 000 0 und d
245 0 _aX-2 MIRMIRIN SİHİRLİ BIYIKLARI
_cHEATHER PINDAR
260 _bİNDİGO YAYINLARI
_c2018
300 _b18
999 _c589077
_d589077